banner-ar

I love you : (Record no. 63469)

MARC details
000 -الفاتح
حقل البيانات ثابتة الطول 00582nam a22002057a 4500
005 - وقت وتاريخ اخر تعامل مع التسجيلة
رقم الضبط 20240530110643.0
008 - عناصر البيانات ثابتة الطول - معلومات عامة
حقل البيانات ثابتة الطول 170913s1996 cc h f 000 0 eng d
020 ## - الرقم الدولى المعيارى للكتب
الرقم الدولى المعيارى للكتاب 9789881223142
040 ## - مصدر الفهرسة
وكالة الفهرسة الأصلية EG-CaGPL
082 04 - رقم تصنيف ديوى العشرى
رقم الطبعة 21
رقم التصنيف 739.27
رقم المادة Y D
100 1# - المدخل الرئيسى - إسم شخصى
الإسم الشخصى Yuan, Fianing
245 10 - بيان العنوان
العنوان I love you :
بقية العنوان Design Jewelry & Accessories /
بيان المسئوليه,etc Fianing Yuan
260 ## - PUBLICATION, DISTRIBUTION, ETC. (IMPRINT)
تاريخ النشر أو التوزيع 1996.
300 ## - الوصف المادى
التعداد 441 P. :
تفاصيل ماديه اخرى للوعاء ill ؛
أبعاد الوعاء 24 cm.
650 00 - المدخل الاضافى بالموضوع-مصطلح موضوعى
مصطلح موضوعي DESIGN
650 00 - المدخل الاضافى بالموضوع-مصطلح موضوعى
مصطلح موضوعي NEW JEWELRY
650 00 - المدخل الاضافى بالموضوع-مصطلح موضوعى
مصطلح موضوعي Silver jewelry
942 ## - عناصر المدخل الإضافي( كوها)
مصدر التصنيف او مخطط الترفيف Dewey Decimal Classification
Koha [default] item type كتاب
260 ## - PUBLICATION, DISTRIBUTION, ETC. (IMPRINT)
-- Hong Kong :
-- Designerbooks ,
Holdings
حالة التراجع حالة الفقد حالة تلف ليس للاعارة المكان المؤقت الموقع الحالى موقع الترفيف تاريخ الاكتساب اجمالي اﻻعارات رقم الطلب الباركود تاريخ اخر مشاهدة تاريخ تفعيل السعر نوع وعاء كوها
        مكتبة القاهرة الكبرى مكتبة القاهرة الكبرى   10/25/2017   739.27 Y D 163513 10/25/2017 10/25/2017 كتاب

Powered By

EGPV